Under western skies (Registro nro. 19610)

Detalles MARC
000 -CABECERA
Longitud fija campo de control 00746cam a2200205 a 4500
003 - IDENTIFICADOR DELl NÚMERO DE CONTROL
Identificador del número de control OSt
005 - FECHA Y HORA DE LA ÚLTIMA TRANSACCIÓN
Fecha y hora de la última transacción 20150325191525.0
008 - CÓDIGOS DE INFORMACIÓN DE LONGITUD FIJA
Códigos de información de longitud fija 910405s1992 nyu 001 0 eng
020 ## - NÚMERO INTERNACIONAL NORMALIZADO PARA LIBROS
Número Internacional Normalizado para Libros (ISBN) 0-19-508671-6
040 ## - FUENTE DE LA CATALOGACIÓN
Centro transcriptor BMC
082 ## - NÚMERO DE LA CLASIFICACIÓN DECIMAL DEWEY
Númeroo de clasificación 979
100 1# - PUNTO DE ACCESO PRINCIPAL-NOMBRE DE PERSONA
Nombre de persona Worster, Donald
9 (RLIN) 32779
245 10 - MENCIÓN DE TÍTULO
Título Under western skies
Resto del título : nature and history in the American West
Mención de responsabilidad, etc. Donald Worster
260 ## - PUBLICACIÓN, DISTRIBUCIÓN, ETC. (PIE DE IMPRENTA)
Lugar de publicación, distribución, etc. New York
Nombre del editor, distribuidor, etc. Oxford University Press
Fecha de publicación, distribución, etc. 1992
300 ## - DESCRIPCIÓN FÍSICA
Extensión ix, 292 p.
Dimensiones 20 cm
651 24 - PUNTO DE ACCESO ADICIONAL DE MATERIA - NOMBRE GEOGRÁFICO
Nombre geográfico Oeste (Estados Unidos)
Subdivisión de materia general Historia
9 (RLIN) 32777
856 42 - LOCALIZACIÓN Y ACCESO ELECTRÓNICO
Especificación de materiales Publisher description
Identificador Uniforme del Recurso (URI) <a href="http://www.loc.gov/catdir/enhancements/fy0635/91015667-d.html">http://www.loc.gov/catdir/enhancements/fy0635/91015667-d.html</a>
856 42 - LOCALIZACI&Oacute;N Y ACCESO ELECTR&Oacute;NICO
Especificaci&oacute;n de materiales Contributor biographical information
Identificador Uniforme del Recurso (URI) <a href="http://www.loc.gov/catdir/enhancements/fy0723/91015667-b.html">http://www.loc.gov/catdir/enhancements/fy0723/91015667-b.html</a>
942 ## - ENTRADA DE ELEMENTOS AGREGADOS (KOHA)
Fuente de clasificai&oacute;n o esquema Dewey Decimal Classification
Koha [por defecto] tipo de item 1- Monografias
Existencias
Suprimido Perdido Fuente de clasificaci&oacute;n o esquema Estropeado Restricciones de uso No para pr&eacute;stamo C&oacute;digo de colecci&oacute;n Localizaci&oacute;n permanente Localizaci&oacute;n actual Localizaci&oacute;n en estanter&&iacute;acute;as Fecha adquisici&oacute;n Fuente de adquisici&oacute;n N&uacute;mero de inventario Pr&eacute;stamos totales Signatura completa C&oacute;digo de barras Fecha &uacute;ltima consulta Fecha del precio de reemplazo Tipo de item de Koha
NULL NULL Dewey Decimal Classification NULL Prestable NULL NULL Biblioteca Miguel de Cervantes - UNICAES Biblioteca Miguel de Cervantes - UNICAES Sala Principal 18/03/2015 Donación - UNICO 029160   979 WOR und 1029792 18/03/2015 18/03/2015 1- Monografias